Normal view
MARC view
- Cells.
Entry Topical Term
001 - CONTROL NUMBER
- control field: 49004
003 - CONTROL NUMBER IDENTIFIER
- control field: OSt
005 - DATE AND TIME OF LATEST TRANSACTION
- control field: 20230915111552.0
008 - FIXED-LENGTH DATA ELEMENTS
- fixed length control field: 230915|| aca||aabn | a|a d
040 ## - CATALOGING SOURCE
- Original cataloging agency: OSt
- Transcribing agency: OSt
150 ## - HEADING--TOPICAL TERM
- Topical term or geographic name entry element: Cells.
670 ## - SOURCE DATA FOUND
- Source citation: Work cat.: (OSt): Asmus, Stephen E. author. 49003, Comparing programmed cell death in cultured primary and tumor cells in inquiry-based cell biology laboratory exercises /, September 2020.
